000 00276nam a22001097a 4500
008 160506b xxu||||| |||| 00| 0 eng d
020 _a0812110927
041 _aeng
080 _a61
245 _aInflammatory bowel disease:
_cJoseph B. Kirsner; Roy G. Shorter;
942 _2udc
_cBK
999 _c1856
_d1856